000 00456nmm a2200157Ia 4500
008 251105s9999||||xx |||||||||||||||||und||
020 _a9788416848355
041 _aspa
100 _aRuíz Muñoz, Andrés
245 0 _aEl Tíbet en casa :
_b ¿Te atreves?
264 _a[Madrid, España] :
_bExLibric,
_c2017
300 _a98 páginas
650 _aMind, body and spirituality
856 _uhttps://public.digitaliapublishing.com/a/85409
942 _cCF
999 _c78057
_d78057